Philip Glass (1937), La belle et la bête = Kráska a zvíře : opera z roku 1994 na libreto skladatele podle scénáře Jeana Cocteaua : česká premiéra 28.8.2003 v Národním divadle /

Korporativní autor: Národní divadlo v Praze. Opera
Další autoři: Glass, Philip, 1937-, Cocteau, Jean, 1889-1963, Petráněk, Pavel, 1977-
Jazyk: Čeština
Angličtina
Vydáno: V Praze : Národní divadlo, 2003
Edice: Minimalismus v opeře
Témata:
Externí odkaz: Digitalizovaný dokument
Fyzický popis: 181 s. : il., portréty ; 21 cm + 1 volná příl.
Knihy
Uloženo v:
LEADER 02411nam a2200577 a 4500
001 000703414
003 CZ BrMZK
005 20090320085625.0
007 ta
008 040119s2003 xr ac e 000 0 cze d
015 |a cnb001309999 
020 |a 80-7258-147-3  |q (brož.) 
035 |a (OCoLC)56872863 
040 |a BOA001  |b cze 
041 1 |a cze  |a eng  |h fre 
043 |a n-us---  |a e-xr---  |b e-xr-pg  |2 czenas 
045 |a x-x-  |a y0y1 
072 7 |a 792  |x Divadlo. Divadelní představení  |2 Konspekt  |9 3 
080 |a 782  |2 MRF 
080 |a 792.54  |2 MRF 
080 |a (73)  |2 MRF 
080 |a (437.311)  |2 MRF 
080 |a (083.97)  |2 MRF 
245 0 0 |a Philip Glass (1937), La belle et la bête =  |b Kráska a zvíře : opera z roku 1994 na libreto skladatele podle scénáře Jeana Cocteaua : česká premiéra 28.8.2003 v Národním divadle /  |c [program připravil Pavel Petráněk] 
246 3 |a <<La >>belle et la bête 
246 3 3 |a Kráska a zvíře 
246 1 |a Philip Glass, La belle et la bête 
260 |a V Praze :  |b Národní divadlo,  |c 2003 
300 |a 181 s. :  |b il., portréty ;  |c 21 cm +  |e 1 volná příl. 
490 1 |a Minimalismus v opeře ;  |v část 2 
500 |a Částečně anglický text 
500 |a Libreto přeloženo z francouzštiny 
500 |a Vydavatel: Národní divadlo. Opera 
500 |a Divadelní program 
500 |a Dostupné též v digitální podobě v aplikaci Kramerius 
648 7 |a 20. století  |7 ch460558  |2 czenas 
648 7 |a 2001-2010  |7 ch460588  |2 czenas 
650 0 7 |a opery  |7 ph123760  |z Spojené státy americké  |y 20. stol.  |2 czenas 
650 0 7 |a operní inscenace  |7 ph137507  |z Česko  |y 2001-2010  |2 czenas 
655 7 |a divadelní programy  |7 fd132033  |2 czenas 
610 2 7 |a Národní divadlo v Praze.  |b Opera  |7 kn20010724561  |2 czenas 
651 7 |a Praha (Česko)  |7 ge118011  |2 czenas 
700 1 |a Glass, Philip,  |d 1937-  |7 js20020122071  |4 cmp 
700 1 |a Cocteau, Jean,  |d 1889-1963  |7 jn19990001430  |4 sce 
700 1 |a Petráněk, Pavel,  |d 1977-  |7 jx20040415004  |4 edt 
710 2 |a Národní divadlo v Praze.  |b Opera  |7 kn20010724561 
830 0 |a Minimalismus v opeře 
856 4 1 |u http://www.digitalniknihovna.cz/mzk/uuid/uuid:82ffef20-554a-11e5-bc53-005056827e52  |y Digitalizovaný dokument  |x NDK 
910 |a BOA001  |b 2-1127.930 
990 |a BK 
996 6 |b 2610210461  |c 2-1127.930  |l MZK  |r Sklad / do 1 hodiny  |n 7  |p p.v.  |w 000703414  |u 000010  |a 1  |e BOA001  |j MZK50  |s P